00855nam a2200181 a 450000100100000000500170001000800410002704000250006810000320009324501020012526000480022730000360027504900090031195201200032095201110044095201050055199900170065600003558820200930074444.0111103s2011 dr ac 000 0 spa d aDO-SdBNPbspacBNPHU1 aPeña, Buenaventura96148910aCrónicas para recordar :bpersonalidades del municipio de Piedra Blanca /cBuenaventura Peña. aSanto Domingo :bEditora Portorreal,c2011. a156 p. :bil., retrs. ;c22 cm. aBNPD 001054708DSaGRbGRcCTd2011-11-03iLF1l0o p35588-30r2020-06-25te. 3w2020-06-25yLFDSZPréstamo en sala 0010718PDaPDbPDcCTd2011-11-03iLF1l0o p35588-10r2020-06-25te. 2w2020-06-25yLFPDZNo se presta 0010718PDaPDbPDcCTd2011-11-03iLF1l0o p35588-20r2020-06-25w2020-06-25yLFPDZNo se presta c35079d35079